[Event "Hong Kong-ch prel"]
[Site "Hong Kong"]
[Date "2018.03.26"]
[Round "11"]
[White "Chan, Lok Yee Lewis"]
[Black "Wong, Brian"]
[Result "1-0"]
[WhiteElo "1871"]
[BlackElo "1661"]
[PlyCount "107"]
[EventDate "2018.01.08"]
[EventType "swiss"]
[EventRounds "11"]
[EventCountry "HKG"]
[SourceTitle "EXT 2019"]
[Source "ChessBase"]
[SourceDate "2018.10.10"]
[SourceVersion "1"]
[SourceVersionDate "2018.10.10"]
[SourceQuality "1"]

1. d4 e6 2. c4 f5 3. Nf3 Nf6 4. Nc3 Be7 5. g3 0-0 6. Bg2 d6 7. 0-0 a5 8. b3 Ne4 9. Bb2 Nxc3 10. Bxc3 Qe8 11. Qc2 Nd7 12. a4 Qh5 13. Ne1 g5 14. Nd3 Bf6 15. e4 e5 16. dxe5 Nxe5 17. Nxe5 Bxe5 18. Bxe5 dxe5 19. exf5 Bxf5 20. Bd5+ Kh8 21. Qc3 Rae8 22. Rae1 Qh6 23. Rxe5 Qg7 24. Rfe1 c6 25. Bg2 Kg8 26. Qe3 Rxe5 27. Qxe5 Bc2 28. Qe3 h6 29. Be4 Bxe4 30. Qxe4 Qf6 31. Re2 Kg7 32. Kg2 Kg8 33. f3 Rf7 34. Rf2 Re7 35. Qd3 Kg7 36. f4 gxf4 37. Rxf4 Qe6 38. Qd4+ Kh7 39. Qd3+ Kg7 40. Qc3+ Kg6 41. Qd3+ Kg7 42. Qf3 Qe2+ 43. Kh3 Qe6+ 44. Qg4+ Qxg4+ 45. Kxg4 Kg6 46. Rf3 Re2 47. h4 h5+ 48. Kh3 Re4 49. Rd3 Kf5 50. Rd7 b5 51. axb5 cxb5 52. Rd5+ Kg6 53. Rg5+ Kh6 54. Rxb5 1-0

[Event "Hong Kong-ch prel"]
[Site "Hong Kong"]
[Date "2018.01.29"]
[Round "4"]
[White "Chong, Chor Yuen"]
[Black "Wong, Brian"]
[Result "0-1"]
[WhiteElo "1975"]
[BlackElo "1661"]
[PlyCount "92"]
[EventDate "2018.01.08"]
[EventType "swiss"]
[EventRounds "11"]
[EventCountry "HKG"]
[SourceTitle "EXT 2019"]
[Source "ChessBase"]
[SourceDate "2018.10.10"]
[SourceVersion "1"]
[SourceVersionDate "2018.10.10"]
[SourceQuality "1"]

1. e4 e6 2. d4 d5 3. Nc3 Bb4 4. exd5 exd5 5. Bd3 Nc6 6. Nge2 Nf6 7. 0-0 Be6 8. Bf4 a6 9. a3 Ba5 10. Na4 0-0 11. Bg5 h6 12. Bh4 Bg4 13. c3 b5 14. Nc5 Bb6 15. f3 Bxc5 16. dxc5 Bc8 17. Bc2 Ne5 18. Bxf6 Qxf6 19. Qxd5 Be6 20. Qe4 g6 21. Ng3 Nc4 22. Nh5 Qg5 23. Ng3 Nd2 24. Qe1 Nxf1 25. Qxf1 Qxc5+ 26. Kh1 Bc4 27. Qc1 Qg5 28. f4 Qe7 29. Qd2 Rad8 30. Qf2 Bd3 31. f5 Bxc2 32. Qxc2 Qd6 33. Rf1 Qd3 34. Qc1 Kh7 35. Qf4 Qd6 36. Qe4 Rde8 37. Qh4 Qe7 38. fxg6+ Kxg6 39. Qh5+ Kh7 40. h4 Qe5 41. Rxf7+ Rxf7 42. Qxf7+ Kh8 43. Nf5 Rg8 44. Qh5 Qe6 45. Nxh6 Qe1+ 46. Kh2 Qg3+ 0-1